[Event "2.BLO 0607 SC Bamberg - SV Würzburg"]
[Site "?"]
[Date "2006.12.10"]
[Round "4.6"]
[White "Haag, Wolfgang"]
[Black "Zehnter, Sebastian"]
[Result "1-0"]
[WhiteElo "2264"]
[BlackElo "2108"]
[PlyCount "101"]
[EventDate "2006.??.??"]

1. d4 d5 2. c4 Nc6 3. Nc3 dxc4 4. Nf3 Nf6 5. e3 e5 6. d5 Ne7 7. Bxc4 Ng6 8. e4
a6 9. O-O Bd6 10. Re1 O-O 11. a4 Qe7 12. Bf1 Bd7 13. Nd2 Bc5 14. Nb3 Ba7 15.
Be3 Bxe3 16. Rxe3 Ng4 17. Rf3 Nh6 18. Qd2 Rae8 19. d6 cxd6 20. Rd3 f5 21. Rxd6
Bc6 22. Na5 fxe4 23. Nxc6 bxc6 24. Nxe4 Qh4 25. f3 Rf5 26. Rd1 Ref8 27. Rd8 Qe7
28. Qd6 Qa7+ 29. Qc5 Qxc5+ 30. Nxc5 Ne7 {(=)} 31. Rxf8+ Rxf8 32. Rd7 Re8 33.
Bxa6 Nhf5 34. Bb7 Nd4 35. a5 Nb5 36. a6 Na7 37. Ne4 Nf5 38. Nd6 Nxd6 39. Rxd6
Re7 40. Bxc6 Kf7 41. b4 Rc7 42. Rd7+ Rxd7 43. Bxd7 Ke7 44. b5 Kxd7 45. b6 Nc8
46. b7 Kc7 47. bxc8=Q+ Kxc8 48. Kf2 Kc7 49. Ke3 Kb6 50. Ke4 Kxa6 51. Kxe5 1-0

[Event "2.BLO 0607 SC Bamberg - SV Würzburg"]
[Site "?"]
[Date "2006.12.10"]
[Round "4.7"]
[White "Braun, Christian Dr"]
[Black "Huemmer, Bernd"]
[Result "1/2-1/2"]
[WhiteElo "2262"]
[BlackElo "2213"]
[PlyCount "35"]
[EventDate "2006.??.??"]

1. d4 d6 2. e4 e5 3. dxe5 dxe5 4. Qxd8+ Kxd8 5. Bc4 f6 6. Nc3 c6 7. Be3 Kc7 8.
f4 Bd6 9. fxe5 Bxe5 10. Nf3 Nd7 11. Nd4 Bxd4 12. Bxd4 Ne7 {(=)} 13. O-O Ng6 14.
Be6 Nde5 15. Bf5 Re8 16. Rad1 b6 17. b3 Nf8 18. h3 {(=)} 1/2-1/2

[Event "2.BLO 0607 SC Bamberg - SV Würzburg"]
[Site "?"]
[Date "2006.12.10"]
[Round "4.8"]
[White "Strube, Frank"]
[Black "Stockmann, Rainer"]
[Result "0-1"]
[WhiteElo "2197"]
[BlackElo "2198"]
[PlyCount "90"]
[EventDate "2006.??.??"]

1. c4 f5 2. Nf3 Nf6 3. g3 g6 4. Bg2 Bg7 5. O-O O-O 6. d4 d6 7. Nc3 Qe8 8. Nd5
Nxd5 9. cxd5 Nd7 10. Qb3 Nb6 11. Be3 e6 12. dxe6 Bxe6 13. Qc2 Qd7 14. Rae1 h6
15. Bd2 a5 16. Bc3 Qf7 17. Nd2 Nd5 18. a4 f4 19. e4 Nb4 20. Bxb4 axb4 21. d5
Bg4 22. h3 Bd7 23. gxf4 Bxa4 24. Qc4 Qxf4 25. Qxb4 Bd7 26. b3 Ra2 27. Re3 b5
28. Nf3 Rfa8 29. Nd4 Rxf2 30. Rxf2 Ra1+ 31. Re1 Rxe1+ 32. Qxe1 Bxd4 33. Kf1
Bxf2 34. Qxf2 Qc1+ 35. Qe1 Qxe1+ 36. Kxe1 Kg7 37. Ke2 Kf6 38. Ke3 Kg5 39. b4 h5
40. Bf1 Kh4 41. e5 dxe5 42. Ke4 Bxh3 43. Bxb5 Kg3 44. Be8 Bg2+ 45. Kxe5 h4 0-1

[Event "2.BLO 0607 SK Passau - Nickelhütte Aue"]
[Site "?"]
[Date "2006.12.10"]
[Round "4.1"]
[White "Meijers, Viesturs"]
[Black "Rasik, Vitezslav"]
[Result "1-0"]
[WhiteElo "2465"]
[BlackElo "2469"]
[PlyCount "143"]
[EventDate "2006.??.??"]

1. e4 c5 2. Nf3 e6 3. d4 cxd4 4. Nxd4 Nf6 5. Bd3 e5 6. Nf3 d5 7. exd5 e4 8.
Bb5+ Bd7 9. Nd4 Bb4+ 10. c3 Bc5 11. Bxd7+ Nbxd7 12. Nf5 O-O 13. b4 Bb6 14. O-O
Ne5 15. Be3 Qd7 16. Bxb6 Qxf5 17. Bd4 Rfd8 18. Nd2 Rxd5 19. f3 exf3 20. Nxf3
Nc6 21. Qb3 Nxd4 22. cxd4 Rc8 {(=)} 23. Rac1 Rdd8 24. Rc5 Qd7 25. Re1 Re8 26.
Rxe8+ Rxe8 27. Qc4 Ne4 28. Rc7 Qf5 29. Qc2 Qf4 30. Rc8 Qe3+ 31. Kf1 Nd6 32.
Rxe8+ Nxe8 33. Qc8 f6 34. Qxb7 Qc1+ 35. Kf2 Qc2+ 36. Ke3 Qxa2 37. Qc6 Qb3+ 38.
Kf2 Qa2+ 39. Kg3 Qf7 40. d5 Qg6+ 41. Kf2 Qe4 42. Qc5 a6 43. d6 Qe6 44. d7 Qxd7
45. Qc4+ Kf8 46. Qxa6 Nd6 47. Qa8+ Ke7 48. Nd4 Nb5 49. Qe4+ Kf7 50. Nxb5 Qxb5
51. Ke3 f5 52. Qd4 g5 53. Qc5 Qf1 54. Qd5+ Kg6 55. Qc6+ Kg7 56. b5 f4+ 57. Kd4
g4 58. b6 f3 59. gxf3 gxf3 60. b7 f2 61. Qd7+ Kh6 62. Qe6+ Kg7 63. Qe5+ Kf7 64.
Qf5+ Kg7 65. Qg5+ Kf7 66. Qf4+ Kg7 67. b8=Q Qa1+ 68. Kc5 Qc3+ 69. Kd6 Qa3+ 70.
Kd7 Qh3+ 71. Ke7 Qa3+ 72. Ke8 1-0

[Event "2.BLO 0607 SK Passau - Nickelhütte Aue"]
[Site "?"]
[Date "2006.12.10"]
[Round "4.2"]
[White "Weiss, Christian"]
[Black "Rogozenko, Dorian"]
[Result "1/2-1/2"]
[WhiteElo "2469"]
[BlackElo "2527"]
[PlyCount "44"]
[EventDate "2006.??.??"]

1. d4 Nf6 2. c4 e6 3. Nf3 d5 4. Nc3 dxc4 5. e3 a6 6. Bxc4 b5 7. Be2 c5 8. O-O
Bb7 9. dxc5 Qxd1 10. Rxd1 Bxc5 11. a3 Ke7 12. b4 Bd6 13. Bb2 Nbd7 14. Nd4 Rhc8
15. Nb3 Rab8 16. Rdc1 Nb6 17. Na5 Ba8 18. f3 Rc7 19. Nd1 Rbc8 20. Rxc7+ Rxc7
21. e4 Rc2 22. Bf1 Nc4 {(=)} 1/2-1/2

[Event "2.BLO 0607 SK Passau - Nickelhütte Aue"]
[Site "?"]
[Date "2006.12.10"]
[Round "4.3"]
[White "Gaponenko, Inna"]
[Black "Schmidt, Peter"]
[Result "0-1"]
[WhiteElo "2448"]
[BlackElo "2395"]
[PlyCount "68"]
[EventDate "2006.??.??"]

1. e4 d6 2. d4 g6 3. Nc3 c6 4. Be3 Nf6 5. Be2 b5 6. a3 Nbd7 7. h4 Bb7 8. h5 Rg8
9. hxg6 hxg6 10. Nf3 Qc7 11. Ng5 a6 12. f4 c5 13. d5 Bg7 14. Kf2 Rf8 15. Bf3
O-O-O 16. a4 b4 17. Na2 Nb6 18. Qe2 Rde8 19. c3 bxc3 20. Nxc3 e6 21. dxe6 fxe6
22. a5 Nbd7 23. Rhd1 d5 24. Na4 dxe4 25. Rxd7 Nxd7 26. Nxe4 Bxe4 27. Bxe4 Rxf4+
28. Bxf4 Qxf4+ 29. Ke1 Rh8 30. Qxa6+ Kd8 31. Nc3 Qe3+ 32. Kd1 Rh1+ 33. Kc2 Rxa1
34. Qb7 Rc1+ 0-1

[Event "2.BLO 0607 SK Passau - Nickelhütte Aue"]
[Site "?"]
[Date "2006.12.10"]
[Round "4.4"]
[White "Hellmayr, Alois"]
[Black "Vasilevich, Tatjana"]
[Result "1/2-1/2"]
[WhiteElo "2317"]
[BlackElo "2396"]
[PlyCount "48"]
[EventDate "2006.??.??"]

1. d4 d5 2. Nf3 Nf6 3. Bf4 c5 4. e3 Nc6 5. c3 Bg4 6. Nbd2 e6 7. Qb3 Qb6 8. Qxb6
axb6 9. a3 Be7 10. Bd3 O-O 11. h3 Bh5 12. g4 Bg6 13. Bxg6 hxg6 14. Bg5 Rfe8 15.
O-O-O Nd7 16. Bxe7 Rxe7 17. Nb3 f6 18. h4 c4 19. Nbd2 e5 20. Rde1 Rf8 21. Rh2
f5 22. g5 Kf7 23. Kd1 Ke8 24. Reh1 Rh8 {(=)} 1/2-1/2

[Event "2.BLO 0607 SK Passau - Nickelhütte Aue"]
[Site "?"]
[Date "2006.12.10"]
[Round "4.5"]
[White "Priehoda, Viteslav"]
[Black "Hiermann, Dietmar"]
[Result "1/2-1/2"]
[WhiteElo "2387"]
[BlackElo "2265"]
[PlyCount "94"]
[EventDate "2006.??.??"]

1. d4 Nf6 2. c4 e6 3. Nf3 d5 4. Nc3 Nbd7 5. Bg5 Be7 6. e3 O-O 7. Qc2 c6 8. cxd5
exd5 9. Bd3 Re8 10. O-O Nf8 11. Rae1 Be6 12. Ne5 N6d7 13. Bxe7 Rxe7 14. Nxd7
Qxd7 15. b4 Qd6 {(=)} 16. Rb1 Bd7 17. b5 Re6 18. bxc6 Rh6 19. g3 Bxc6 20. Rfc1
Ne6 21. Bf1 Ng5 22. Bg2 Re6 23. Qf5 Ne4 24. Nxe4 dxe4 25. Qc5 Qxc5 26. Rxc5 Rd6
27. Ra5 a6 28. Rb6 Rad8 29. Rc5 Kf8 30. Bf1 Bd5 31. Rb2 Rc6 {(=)} 32. Rxc6 Bxc6
33. h4 Bd5 34. Rc2 Ke7 35. a3 Kd6 36. Bh3 Rb8 37. Kf1 b5 38. Ke1 b4 39. axb4
Rxb4 40. Rc5 Bc6 41. Bc8 Bb5 42. Bf5 Rb1+ 43. Kd2 Rf1 44. Bxe4 Rxf2+ 45. Ke1
Rf1+ 46. Kd2 Rf2+ 47. Kd1 Rf1+ 1/2-1/2

[Event "2.BLO 0607 SK Passau - Nickelhütte Aue"]
[Site "?"]
[Date "2006.12.10"]
[Round "4.6"]
[White "Testor, Sebastian"]
[Black "Wichmann, Cliff"]
[Result "0-1"]
[WhiteElo "2241"]
[BlackElo "2391"]
[PlyCount "126"]
[EventDate "2006.??.??"]

1. d4 d5 2. c4 dxc4 3. Nf3 a6 4. e3 e6 5. Bxc4 c5 6. O-O Nf6 7. e4 cxd4 8. e5
Nd5 9. Bg5 Be7 10. Bxe7 Nxe7 11. Nxd4 Nbc6 12. Nxc6 Qxd1 13. Rxd1 Nxc6 14. f4
g5 15. g3 gxf4 16. gxf4 Rg8+ 17. Kf2 Rg4 18. Kf3 Nxe5+ 19. fxe5 Rxc4 20. Nd2
Rc7 21. Ne4 Bd7 22. Nf6+ Ke7 23. Rxd7+ Rxd7 24. Nxd7 Kxd7 25. Rd1+ Ke7 26. Rc1
Rd8 27. h4 Kf8 28. Rc7 b5 29. h5 Kg7 30. Ra7 Rd2 31. Rxa6 Rxb2 32. Ra7 Rh2 33.
Rb7 Rxa2 34. Rxb5 Rh2 35. Kg4 Rg2+ 36. Kh4 Kh6 37. Rb7 Rh2+ 38. Kg4 Rxh5 39.
Kf4 Rf5+ 40. Ke4 Kg5 41. Rb1 Rf4+ 42. Ke3 h5 43. Rb8 Ra4 44. Rf8 Kg6 45. Kf3
Ra1 46. Kf4 Rf1+ 47. Ke4 h4 48. Rh8 Kg5 49. Rg8+ Kh5 50. Rh8+ Kg4 51. Rg8+ Kh3
52. Ke3 Kh2 53. Rh8 h3 54. Rg8 Re1+ 55. Kf4 Kh1 56. Rg5 Rf1+ 57. Ke4 Rg1 58.
Rh5 Kg2 59. Rg5+ Kf2 60. Rh5 Rg3 61. Rh7 Kg2 62. Kf4 h2 63. Rh8 Rg7 0-1

[Event "2.BLO 0607 SK Passau - Nickelhütte Aue"]
[Site "?"]
[Date "2006.12.10"]
[Round "4.7"]
[White "Diebl, Lutz"]
[Black "Horvath, Laszlo"]
[Result "0-1"]
[WhiteElo "2238"]
[BlackElo "2268"]
[PlyCount "69"]
[EventDate "2006.??.??"]

1. Nc3 Nf6 2. e4 d5 3. e5 Nfd7 4. f4 e6 5. Nf3 c5 6. g3 a6 7. a4 Nc6 8. d3 b6
9. Bh3 Be7 10. O-O g6 11. Qe2 Qc7 12. Nd1 Bb7 13. Nf2 O-O 14. Bd2 Ndb8 15. Rae1
h5 16. c3 Rc8 17. Ng5 Bxg5 18. fxg5 Ne7 19. Bf4 Bc6 20. b3 Ra7 21. Qb2 Rd8 22.
a5 bxa5 23. Qa3 Qb6 24. Ra1 Bb7 25. d4 Nbc6 26. dxc5 Qb5 27. b4 axb4 28. cxb4
Qxb4 29. Qa2 Qc4 30. Qa3 Qb4 31. Qa2 Qc4 32. Qa3 Nd4 33. Be3 Raa8 34. Rab1 Rab8
35. Qb2 0-1

[Event "2.BLO 0607 SK Passau - Nickelhütte Aue"]
[Site "?"]
[Date "2006.12.10"]
[Round "4.8"]
[White "Linhart, Wolfgang"]
[Black "Melamed, Tatiana"]
[Result "1/2-1/2"]
[WhiteElo "2223"]
[BlackElo "2356"]
[PlyCount "72"]
[EventDate "2006.??.??"]

1. d4 Nf6 2. Nf3 c5 3. c3 b6 4. Bf4 g6 5. e3 Bg7 6. Be2 Bb7 7. h3 O-O 8. O-O d6
9. a4 a6 10. Nbd2 Nbd7 11. Bh2 Qc7 12. Qb1 cxd4 13. cxd4 Rac8 14. Rc1 Qb8 15.
Qa2 Qa8 16. Qa3 Ne4 17. Nxe4 Bxe4 18. Ne1 Bh6 19. Bf3 Bxf3 20. Nxf3 Rc6 21.
Rxc6 Qxc6 22. Qd3 a5 23. Bg3 Rc8 24. Bh4 Bf8 25. Ne1 d5 26. Qd1 e6 27. Nd3 Qc2
28. Qxc2 Rxc2 29. Rc1 Rxc1+ 30. Nxc1 f6 31. Nd3 Kf7 32. Bg3 Be7 33. Bc7 Ke8 34.
Nf4 Kf7 35. h4 Bb4 36. g4 Ke7 1/2-1/2